000 00371nam a2200133 a 4500
001 000035967
005 20200930074748.0
008 111121s1982 dr a 000 0 spa d
040 _aDO-SdBNP
_bspa
_cBNPHU
245 0 0 _aArte dominicano desde la independencia.
260 _aSanto Domingo :
_bGaleria de Arte Moderno,
_c1982.
300 _a136 p. ;
_c28 cm.
049 _aBNPD
999 _c35458
_d35458